000 00758 a2200229 4500
020 _a0844203513
020 _a0844203521
035 _a(OCoLC)ocm39981332
040 _aDLC
_bDLC
082 0 0 _a659.2
100 1 _aBivins, Thomas H.
245 1 0 _aPublic relations writing : the essentials of style and format
_cThomas H. Bivins.
250 _a4th ed.
260 _aLincolnwood, Ill., USA :
_bNTC/Contemporary Pub. Group,
_cc1999.
300 _axiii, 385 p. :
_bill. ;
_c23 cm.
500 _aRev. ed. of: Handbook for public relations writing.
500 _aIncludes index.
650 0 _aPublic relations
_zUnited States.
650 0 _aPublic relations
_zUnited States
_xAuthorship.
700 1 _aBivins, Thomas H.
_d1947-
942 _cBK
_k 659.2 BIV
_2ddc
999 _c8717
_d8717